| 000 | 01417nam a22002657a 4500 | ||
|---|---|---|---|
| 001 | 4739 | ||
| 003 | FISKH | ||
| 005 | 20240927154712.0 | ||
| 008 | 240926b cb ||||| |||| 00| 0 eng d | ||
| 020 | _a9780439468541 | ||
| 040 |
_aFISKH _beng _cFISKH _dFISKH |
||
| 100 |
_aMaxwell, E.J. _eauthor |
||
| 245 |
_aXtreme soprts : _bCutting Edge / _cby E.j. Maxwell |
||
| 250 | _aFirst printing, January 2003 | ||
| 260 |
_aNew York : _bScholastic ; _c2003 . |
||
| 300 |
_a95 pages : _billustrations ; _c20 cm . |
||
| 505 | _aZ | ||
| 520 | _aExtreme sports athletes have gone mainstream, and are widely recognized through exposure on ESPN's X-Games, the Gravity Games, and the Warp Tour. This book is about the new crop of extreme sports stars from Apolo Ohno to superstar skateboarder Shaun White to phenom climbing star Tori Allen. Each chapter focuses on a different sport and star, and is full of photos, bio info, trivia, anecodotes, quotes, and stats. The complete list of athletes in this book is as follows: climber Tori Allen, surfer Layne Beachley, snowboarder Tara Dakides, motocrosser Mike Metzger, BMXer Dave Mirra, speed skater Apolo Anton Ohno, snowboarder Ross Powers, and skateboarder Shaun White. | ||
| 521 | 8 |
_a1020
_bLexile |
|
| 521 | 8 |
_aZ
_bRaz-Plus |
|
| 650 |
_aX-Games _vnon-fiction |
||
| 700 |
_aMalone, Michael _eBook designer |
||
| 942 |
_2ddc _cBK _n0 |
||
| 999 |
_c4739 _d4739 |
||